000 00535 a2200181 4500
003 OSt
005 20240130102500.0
008 240130b |||||||| |||| 00| 0 eng d
020 _a9788193219607
040 _coclc
082 _a297.63
_bADA/M
100 _aAdair, John
_95948
245 _aMuhammad Nabiyude Nethritwam= The Leadership of Muhammad /
_cJohn Adair
250 _a1st ed.
260 _aAlappuzha:
_bOpen Door Media,
_c2016.
300 _a128p.
942 _2ddc
_cBK
_h297.63
_iADA/M
_k297.63
_mADA/M
999 _c43363
_d43363